00828nam a2200217 i 450000100060000000300090000600500170001500700030003200800410003508000120007608000110008810000350009924501430013426000960027730000280037365000280040165100220042970000440045185200530049585200620054825919ES-MaACL20230915204613.0t|030103s1882 sp ||||1| spa d a94(740) a17.0371 aArnau e Ibáñez, Joaquín.10aRusia ante el Occidente b: estudio crítico del nihilismo / cpor Joaquín Arnau e Ibáñez ; con un prólogo de José de Carvajal. aMadrid ; aZaragoza : b[s.n.], c1882 (fImp. de El Demócrata) (Imp. de Calisto Ariño) aXXXI, 457 p. ; c20 cm. 4aNihilismo (Filosofía) 4aRusia-xHistoria.1 aCarvajal y Hué, José de,d1834-18994 aES-MaACLjG-7614 z- Legado Modesto Lafuente4 aES-MaACLjC-1039 z- Dedicatoria autógrafa del autor